María de Molina (Registro nro. 747)

Detalles MARC
000 -CABECERA
Longitud fija campo de control 00677nam a22002171 4500
001 - NÚMERO DE CONTROL
Número de control bimo0000896093
003 - IDENTIFICADOR DELl NÚMERO DE CONTROL
Identificador del número de control OSt
005 - FECHA Y HORA DE LA ÚLTIMA TRANSACCIÓN
Fecha y hora de la última transacción 20130620141110.0
008 - CÓDIGOS DE INFORMACIÓN DE LONGITUD FIJA
Códigos de información de longitud fija 900725s1967 sp spa
035 ## - NÚMERO DE CONTROL DEL SISTEMA
Número de control del sistema IND9200333254
035 ## - NÚMERO DE CONTROL DEL SISTEMA
Número de control del sistema (OCoLC)318438792
040 ## - FUENTE DE LA CATALOGACIÓN
Centro catalogador de origen SpMaBN
Lengua de catalogación spa
Centro transcriptor BMC
082 ## - NÚMERO DE LA CLASIFICACIÓN DECIMAL DEWEY
Número de edición 920 María de Molina
100 ## - PUNTO DE ACCESO PRINCIPAL-NOMBRE DE PERSONA
Nombre de persona Gaibrois de Ballesteros, Mercedes
Fechas asociadas al nombre 1891-1960
9 (RLIN) 904
245 10 - MENCIÓN DE TÍTULO
Título María de Molina
Mención de responsabilidad, etc. Mercedes Gaibrois de Ballesteros
Resto del título : tres veces reina
260 0# - PUBLICACIÓN, DISTRIBUCIÓN, ETC. (PIE DE IMPRENTA)
Lugar de publicación, distribución, etc. Madrid
Nombre del editor, distribuidor, etc. Espasa-Calpe
Fecha de publicación, distribución, etc. 1967
300 ## - DESCRIPCIÓN FÍSICA
Extensión 250 p.
Otras características físicas 18 cm
490 0# - MENCIÓN DE SERIE
Mención de serie Austral
Designación de volumen o secuencia 1411
600 04 - PUNTO DE ACCESO ADICIONAL DE MATERIA - NOMBRE DE PERSONA
9 (RLIN) 1062
Nombre de persona María
Títulos y otros títulos asociados al nombre (R ) Reina consorte de Sancho IV, Rey de Castilla
Subdivisión de materia general (R ) Biografías
942 ## - ENTRADA DE ELEMENTOS AGREGADOS (KOHA)
Fuente de clasificaión o esquema Dewey Decimal Classification
Koha [por defecto] tipo de item 1- Monografias
Existencias
Suprimido Perdido Fuente de clasificación o esquema Estropeado Restricciones de uso No para préstamo Código de colección Localización permanente Localización actual Localización en estanter&íacute;as Fecha adquisición Fuente de adquisición Número de inventario Préstamos totales Signatura completa Código de barras Fecha última consulta Coste, precio reemplazado Fecha del precio de reemplazo Tipo de item de Koha
NULL NULL Dewey Decimal Classification NULL Prestable NULL NULL Biblioteca Miguel de Cervantes - UNICAES Biblioteca Miguel de Cervantes - UNICAES Sala Principal 23/07/1998 Donación - Marco René Revelo 000751   920 GAI mar 1000751 13/06/2013 27.99 13/06/2013 1- Monografias